| 000 | 00787 a2200217 4500 | ||
|---|---|---|---|
| 005 | 20250407125238.0 | ||
| 010 | _aENG-144522 | ||
| 020 |
_a9789390514977 _c495.00 |
||
| 035 | _aEN-128054 | ||
| 037 | _bDBAD | ||
| 082 | _a921 | ||
| 100 |
_aJeevasundari, Y B _980388 |
||
| 245 |
_aLife & Work Of Moovalur Ramamirtham Ammaiyar/ _cBy Y B Jeevasundari [and] Translated By V Bharathi Harishankar |
||
| 260 |
_aNew Delhi _bZubaan, _c2024 |
||
| 270 |
_aK-92, Ist Floor, Hauz Khas Enclave _bNew Delhi _cDelhi _e110016 _mzubaanwbooks@vsnl.net |
||
| 300 |
_a149p. : _c21cm.(pb) |
||
| 650 |
_aPoor women _zIndia _zMaharashtra _980389 |
||
| 650 |
_aDalits _zIndia _zMaharashtra _980390 |
||
| 700 |
_aHarishankar, V Bharathi _eTranslator _972507 |
||
| 942 |
_adpl _cEN _2ddc _h921 _mJEE |
||
| 999 |
_c210858 _d210858 |
||